书目信息 |
| 题名: |
女人交际全攻略
|
|
| 作者: | 若谷 编著 | |
| 分册: | ||
| 出版信息: | 上海 东华大学出版社 2024.11 |
|
| 页数: | 184页 | |
| 开本: | 24cm | |
| 丛书名: | ||
| 单 册: | ||
| 中图分类: | C912.15-49 | |
| 科图分类: | ||
| 主题词: | 女性--人际关系学--通俗读物 | |
| 电子资源: | ||
| ISBN: | 978-7-5669-2471-1 | |
| 000 | 00949nam0 2200229 450 | |
| 001 | 01112303 | |
| 005 | 20251022160548.79 | |
| 010 | @a978-7-5669-2471-1@dCNY39.80 | |
| 100 | @a20250401d2024 em y0chiy0120 ea | |
| 101 | 0 | @achi |
| 102 | @aCN@b310000 | |
| 105 | @ay z 000yy | |
| 106 | @ar | |
| 200 | 1 | @a女人交际全攻略@9nv ren jiao ji quan gong lue@f若谷编著 |
| 210 | @a上海@c东华大学出版社@d2024.11 | |
| 215 | @a184页@d24cm | |
| 330 | @a本书应运而生,专为那些渴望在交际场合中掌握更多主动权、展现自我魅力的读者精心打造。通过阅读本书,可使读者学会如何在各种情境下都能保持从容不迫、得体自如,用言语与行动编织出一张让人如沐春风的交际网,从而在交际的舞台上大放异彩。交际,这一行为远远超越了单纯寻求他人认可的层面,它更像是一把钥匙,为我们打开了一扇通往广阔生活圈子的大门。 | |
| 606 | 0 | @a女性@x人际关系学@j通俗读物 |
| 690 | @aC912.15-49@v5 | |
| 701 | 0 | @a若谷@9ruo gu@4编著 |
| 801 | 0 | @aCN@c20250905 |
| 905 | @a河南城建学院图书馆@dC912.1@eR950@ZR950@f1 | |
| 女人交际全攻略/若谷编著.-上海:东华大学出版社,2024.11 |
| 184页;24cm |
| ISBN 978-7-5669-2471-1:CNY39.80 |
| 本书应运而生,专为那些渴望在交际场合中掌握更多主动权、展现自我魅力的读者精心打造。通过阅读本书,可使读者学会如何在各种情境下都能保持从容不迫、得体自如,用言语与行动编织出一张让人如沐春风的交际网,从而在交际的舞台上大放异彩。交际,这一行为远远超越了单纯寻求他人认可的层面,它更像是一把钥匙,为我们打开了一扇通往广阔生活圈子的大门。 |
| ● |
| 相关链接 |
|
|
|
正题名:女人交际全攻略
索取号:C912.1/R950
 
预约/预借
| 序号 | 登录号 | 条形码 | 馆藏地/架位号 | 状态 | 备注 |
| 1 | 1631341 | 216313415 | 社科库509/509社科库 57排3列6层/ [索取号:C912.1/R950] | 在馆 |